Online
Catalog

Dominican Republic. : (Record no. 44402)

MARC details
000 -CABECERA
campo de control de longitud fija 00592nam a2200169 a 4500
001 - NÚMERO DE CONTROL
campo de control 000044913
005 - FECHA Y HORA DE LA ÚLTIMA TRANSACCIÓN
campo de control 20201002045727.0
008 - DATOS DE LONGITUD FIJA--INFORMACIÓN GENERAL
campo de control de longitud fija 150119s199u dr bc 000 0 spa d
020 ## - NÚMERO INTERNACIONAL ESTÁNDAR DEL LIBRO
Número Internacional Estándar del Libro 130040397
040 ## - FUENTE DE LA CATALOGACIÓN
Centro catalogador/agencia de origen DO-SdBNP
Lengua de catalogación spa
Centro/agencia transcriptor BNPHU
041 17 - CÓDIGO DE LENGUA
Código de lengua del texto/banda sonora o título independiente spa
Código de lengua del sumario o resumen eng
100 1# - ENTRADA PRINCIPAL--NOMBRE DE PERSONA
Nombre de persona Miura, Ivan
9 (RLIN) 57566
245 10 - MENCIÓN DE TÍTULO
Título Dominican Republic. :
Resto del título República Dominicana. Republique Dominicaine. Dominicanische Republik /
Mención de responsabilidad, etc. Ivan Miura; fotografías Tiziano de Estefano.
260 ## - PUBLICACIÓN, DISTRIBUCIÓN, ETC.
Lugar de publicación, distribución, etc. Santo Domingo :
Nombre del editor, distribuidor, etc. Discovery,
Fecha de publicación, distribución, etc. [199u].
300 ## - DESCRIPCIÓN FÍSICA
Extensión 18 p. :
Otras características físicas mapa, retrs. ;
Dimensiones 28 cm.
700 1# - PUNTO DE ACCESO ADICIONAL--NOMBRE DE PERSONA
Nombre de persona Estefano, Tiziano de
Término indicativo de función/relación fot.
9 (RLIN) 72929
Holdings
Estado de retiro Estado de pérdida No para préstamo Código de colección Localización permanente Ubicación/localización actual Ubicación en estantería Fecha de adquisición Número de inventario Total de préstamos Signatura topográfica completa Código de barras Fecha visto por última vez Precio válido a partir de Tipo de ítem Koha
    Excluido de préstamo Patrimonio Dominicano Patrimonio Dominicano Patrimonio Dominicano En catalogación 19.01.2015 LF1   44913-10 25.06.2020 25.06.2020 Libro y Folleto Colección Patrimonio Dominicano

Powered by Koha